| 000 | 01640nam a2200361Ia 4500 | ||
|---|---|---|---|
| 005 | 20220317000227.0 | ||
| 008 | 141031s2010 m a 0 gpa d s | ||
| 020 | _a9786071503336 | ||
| 082 | 0 | 4 |
_a330 _bS15e |
| 100 | 1 |
_aSamuelson, Paul Anthony _d1915- |
|
| 245 | 1 | 0 |
_aEconomía _bcon aplicaciones a Latinoamerica _cPaul A. Samuelson, William D. Nordhaus ; traducción Adolfo Deras Quiñones |
| 250 | _aDecimonovena edición | ||
| 300 |
_a716 páginas _bilustraciones, cuadros, gráficos y diagramas en blanco y negro _c27 cm |
||
| 490 | _aEducación | ||
| 500 | _aIncluye glosario e índice analítico | ||
| 500 | _aIncluye datos biográficos de los autores | ||
| 504 | _aIncluye bibliografía | ||
| 505 | _aMicroeconomía : oferta, demanda y mercados de productos -- Los mercados de los factores : trabajo, tierra y capital -- Aplicaciones de los principios económicos -- Macroeconomía : crecimiento económico y ciclos de negocios -- Crecimiento, desarrollo y economía global -- El desempleo, la inflación y la política económica | ||
| 650 | 1 | 4 |
_2LEMB _aEconomía |
| 650 | 1 | 4 |
_2LEMB _aMicroeconomía |
| 650 | 1 | 4 |
_2LEMB _aMacroeconomía |
| 650 | 1 | 4 |
_2LEMB _aOferta y demanda |
| 650 | 1 | 4 |
_2LEMB _aMercados _xAspectos económicos |
| 650 | 1 | 4 |
_2LEMB _aPolítica económica _xProblemas, ejercicios, etc |
| 700 | 1 |
_aNordhaus, William D. _995937 |
|
| 700 | 1 |
_aDeras Quiñones, Adolfo _etraductor _910085 |
|
| 942 |
_2ddc _cBK |
||
| 264 |
_aMéxico _bMcGraw-Hill _c2010 |
||
| 336 |
_atexto _btxt _2rdacontent |
||
| 337 |
_asin mediación _bn _2rdamedia |
||
| 338 |
_avolumen _bnc _2rdacarrier |
||
| 040 |
_aCO-BoRNBP _bspa _erda _cCO-BoRNBP |
||
| 999 |
_c3457 _d3457 |
||